[Event "XVI C.to Europeo"]
[Site "Gerusalemme ISR"]
[Date "2015.03.02"]
[Round "6"]
[White "Vocaturo, Daniele"]
[Black "Reshef, Omer"]
[WhiteElo "2579"]
[BlackElo "2402"]
[Result "1/2-1/2"]
[PlyCount "118"]
[EventDate "2015.02.24"]

1. e4 e5 2. Nf3 Nc6 3. Bc4 Bc5 4. c3 Nf6 5. d3 d6 6. Bb3 Bb6 7. Nbd2 Ne7 8. Nc4
Ng6 9. Nxb6 axb6 10. h3 O-O 11. O-O Be6 12. Re1 Bxb3 13. Qxb3 Re8 14. g3 h6 15.
Kg2 Qd7 16. Bd2 d5 17. Qc2 b5 18. a3 dxe4 19. dxe4 Qc6 20. Nh2 Nf8 21. f3 Ne6
22. Rad1 h5 23. h4 Nd7 24. Bc1 Rad8 25. Nf1 Nd4 26. Qf2 Nb3 27. Bg5 f6 28. Be3
Ndc5 29. Qe2 Ne6 30. Bf2 Qc4 31. Qc2 Nbc5 32. Ne3 Qb3 33. Qe2 c6 34. Rxd8 Rxd8
35. Rd1 Rxd1 36. Nxd1 Qc4 37. Qd2 Qd3 38. Qxd3 Nxd3 39. Be3 c5 40. b4 c4 41.
Bd2 Kf7 42. Ne3 Nc7 43. Kf1 Ne8 44. Nd5 Ke6 45. Ke2 f5 46. Ke3 g6 47. Ke2 fxe4
48. fxe4 Nd6 49. Kf3 Nf2 50. Nc7+ Kd7 51. Kxf2 Kxc7 52. Kf3 Kd7 53. Bg5 Ke6 54.
Ke3 Nf7 55. Kf3 Nd6 56. Ke3 Nc8 57. Bd8 Na7 58. Bg5 Nc6 59. Ke2 Nb8 1/2-1/2

[Event "XVI C.to Europeo"]
[Site "Gerusalemme ISR"]
[Date "2015.03.03"]
[Round "7"]
[White "Godena, Michele"]
[Black "Hracek, Zbynek"]
[WhiteElo "2502"]
[BlackElo "2631"]
[Result "0-1"]
[PlyCount "128"]
[EventDate "2015.02.24"]

1. e4 c6 2. d4 d5 3. Nd2 dxe4 4. Nxe4 Nf6 5. Nxf6+ gxf6 6. Be3 h5 7. Qd2 Na6 8.
Bd3 h4 9. Ne2 h3 10. gxh3 Bxh3 11. Nf4 Bg4 12. Rg1 Qd7 13. d5 Bf3 14. Rg3 Bxd5
15. O-O-O e5 16. Nxd5 Qxd5 17. c4 Qe6 18. Qa5 Bb4 19. Qa4 Bc5 20. Bxc5 Nxc5 21.
Qa3 b6 22. Bc2 Qxc4 23. Kb1 Ke7 24. Rc3 Qa6 25. Qxa6 Nxa6 26. Rxc6 Rxh2 27. Bf5
Rxf2 28. Bc8 Nc5 29. Rc7+ Kf8 30. b4 Ne6 31. Bxe6 fxe6 32. Rh1 Rg2 33. Rh8+ Rg8
34. Rh6 Rg1+ 35. Kb2 f5 36. Rxe6 Kg8 37. Rxe5 Rf8 38. Rc3 f4 39. Rf3 Kg7 40.
Re7+ Kg6 41. Rxa7 Rg2+ 42. Kc1 Kf5 43. a4 Ke4 44. Rf1 f3 45. a5 bxa5 46. Rxa5
Rc8+ 47. Kb1 Rc3 48. Ra8 f2 49. Kb2 Rf3 50. Raa1 Kd3 51. Kb3 Ke2+ 52. Ka4 Rg8
53. b5 Ra8+ 54. Kb4 Rf4+ 55. Kc5 Rc8+ 56. Kd6 Rf6+ 57. Kd7 Rb8 58. Rfb1 Rb7+
59. Kc8 Rh7 60. Rb2+ Kd3 61. Rd1+ Kc3 62. Rxf2 Rxf2 63. Rd7 Rh6 64. Kc7 Rb2 0-1

[Event "XVI C.to Europeo"]
[Site "Gerusalemme ISR"]
[Date "2015.03.03"]
[Round "7"]
[White "Kogan, Artur"]
[Black "Codenotti, Marco"]
[WhiteElo "2555"]
[BlackElo "2374"]
[Result "0-1"]
[PlyCount "80"]
[EventDate "2015.02.24"]

1. e4 e5 2. Nf3 Nc6 3. Bb5 Nf6 4. d3 Bc5 5. Bxc6 dxc6 6. Nbd2 Nd7 7. Nc4 f6 8.
d4 exd4 9. Nxd4 Ne5 10. Nxe5 Qxd4 11. Qxd4 Bxd4 12. Nf3 Bc5 13. Bf4 Bd6 14.
Bxd6 cxd6 15. O-O-O Ke7 16. c4 Be6 17. Nd4 Rhd8 18. Kc2 Bxc4 19. Nf5+ Kf8 20.
Rxd6 Rxd6 21. Nxd6 Ba6 22. b4 Rd8 23. Rd1 g6 24. f4 Ke7 25. e5 fxe5 26. fxe5 b6
27. Kc3 Rf8 28. Ne4 Rf1 29. Rd6 Re1 30. Nf6 Re3+ 31. Kd2 Rxe5 32. Rxc6 Bb5 33.
Ng8+ Kf7 34. Rc8 Kg7 35. Ra8 Rd5+ 36. Kc3 Rd3+ 37. Kb2 Rd7 38. Rc8 Rb7 39. Kc3
Bd7 40. Rc7 Rxc7+ 0-1

[Event "XVI C.to Europeo"]
[Site "Gerusalemme ISR"]
[Date "2015.03.03"]
[Round "7"]
[White "Kryvoruchko, Yuriy"]
[Black "Dvirnyy, Danyyil"]
[WhiteElo "2692"]
[BlackElo "2533"]
[Result "1-0"]
[PlyCount "61"]
[EventDate "2015.02.24"]

1. e4 e5 2. Nf3 Nc6 3. Bc4 Bc5 4. c3 Nf6 5. d3 O-O 6. O-O d5 7. exd5 Nxd5 8. a4
a5 9. Re1 Nb6 10. Bb5 f6 11. Nbd2 Na7 12. d4 exd4 13. Ne4 Be7 14. Nxd4 Nxb5 15.
axb5 Rf7 16. Bf4 a4 17. h3 Bd7 18. Qe2 Qc8 19. c4 c6 20. Bd6 Qf8 21. Nxf6+ Bxf6
22. Bxf8 Bxd4 23. Bb4 Rxf2 24. Qxf2 Bxf2+ 25. Kxf2 cxb5 26. Re7 Rf8+ 27. Kg1
Rf7 28. Rae1 h6 29. Rxf7 Kxf7 30. Re7+ Kf6 31. cxb5 1-0

[Event "XVI C.to Europeo"]
[Site "Gerusalemme ISR"]
[Date "2015.03.03"]
[Round "7"]
[White "Rombaldoni, Axel"]
[Black "Belytsky, Alexandr"]
[WhiteElo "2488"]
[BlackElo "2227"]
[Result "1-0"]
[PlyCount "119"]
[EventDate "2015.02.24"]

1. d4 Nf6 2. c4 e6 3. Nf3 b6 4. a3 Bb7 5. Nc3 d5 6. Bg5 Be7 7. Qc2 Nbd7 8. cxd5
exd5 9. e3 O-O 10. Bd3 h6 11. Bh4 c5 12. O-O Ne4 13. Nxd5 Bxh4 14. Bxe4 cxd4
15. exd4 Rc8 16. Qb3 Ba6 17. Rfc1 Nf6 18. Nxf6+ Bxf6 19. Bd5 Qd6 20. Rxc8 Bxc8
21. Re1 Qc7 22. Ne5 Bxe5 23. dxe5 Bb7 24. Bc4 Qc6 25. Bf1 Bc8 26. Qe3 Be6 27.
Rc1 Qa4 28. Qd2 Qh4 29. g3 Rd8 30. Qe3 Qa4 31. Be2 Qb3 32. Qxb3 Bxb3 33. Kf1
Rd2 34. Rc8+ Kh7 35. Rc7 a5 36. h4 g6 37. h5 gxh5 38. f4 h4 39. gxh4 Kg6 40.
Bg4 Rd4 41. f5+ Kg7 42. Bh3 Rxh4 43. Kg2 Rc4 44. Ra7 Ba4 45. Kg3 Re4 46. e6 Be8
47. Bg2 Rd4 48. Ra8 Bb5 49. e7 Rd3+ 50. Kf4 Rd2 51. Bf3 Rxb2 52. e8=Q Bxe8 53.
Rxe8 b5 54. Re7 b4 55. a4 b3 56. Ke5 Rf2 57. f6+ Kg6 58. Be4+ Kg5 59. Rxf7 b2
60. Rg7+ 1-0

[Event "XVI C.to Europeo"]
[Site "Gerusalemme ISR"]
[Date "2015.03.03"]
[Round "7"]
[White "Sarana, Alexey"]
[Black "Vocaturo, Daniele"]
[WhiteElo "2419"]
[BlackElo "2579"]
[Result "0-1"]
[PlyCount "74"]
[EventDate "2015.02.24"]

1. d4 Nf6 2. c4 g6 3. Nc3 Bg7 4. e4 d6 5. Nf3 O-O 6. Be2 e5 7. Be3 exd4 8. Nxd4
Re8 9. f3 c6 10. Bf2 d5 11. exd5 cxd5 12. c5 Nc6 13. O-O Nh5 14. Qd2 Be5 15. g3
Ng7 16. Rad1 Nxd4 17. Bxd4 Bxd4+ 18. Qxd4 Nf5 19. Qa4 Bd7 20. Qf4 g5 21. Qd2
Ne3 22. Nxd5 Nxd1 23. Qd4 Bc6 24. Nf6+ Kh8 25. Qxd8 Rexd8 26. Bxd1 Rd2 27. Bb3
Rxb2 28. Rd1 Bxf3 29. Rd7 Rf8 30. h4 gxh4 31. gxh4 Bc6 32. Rd6 a5 33. h5 a4 34.
Bc4 Rc2 35. Rd4 Kg7 36. Ng4 Re8 37. h6+ Kf8 0-1

[Event "XVI C.to Europeo"]
[Site "Gerusalemme ISR"]
[Date "2015.03.04"]
[Round "8"]
[White "Codenotti, Marco"]
[Black "Banusz, Tamas"]
[WhiteElo "2374"]
[BlackElo "2582"]
[Result "0-1"]
[PlyCount "52"]
[EventDate "2015.02.24"]

1. e4 e5 2. Nf3 Nc6 3. Bb5 a6 4. Ba4 Nf6 5. O-O Be7 6. Re1 b5 7. Bb3 d6 8. c3
O-O 9. h3 Na5 10. Bc2 c5 11. d4 Qc7 12. Nbd2 Rd8 13. Nf1 cxd4 14. cxd4 exd4 15.
Nxd4 d5 16. e5 Ne4 17. f3 Bc5 18. fxe4 dxe4 19. Rxe4 Nc6 20. Be3 Nxd4 21. Rc1
Bf5 22. Rxd4 Bxd4 23. Bxd4 Bxc2 24. Qf3 Be4 25. Qxe4 Qxc1 26. e6 Qc4 0-1

[Event "XVI C.to Europeo"]
[Site "Gerusalemme ISR"]
[Date "2015.03.04"]
[Round "8"]
[White "Dvirnyy, Danyyil"]
[Black "Bitensky, Igor"]
[WhiteElo "2533"]
[BlackElo "2384"]
[Result "1-0"]
[PlyCount "97"]
[EventDate "2015.02.24"]

1. d4 Nf6 2. c4 g6 3. g3 Bg7 4. Bg2 O-O 5. Nc3 d6 6. Nf3 Nc6 7. O-O Bf5 8. Be3
Qc8 9. d5 Nb8 10. Rc1 Na6 11. Re1 Ne4 12. Nxe4 Bxe4 13. Qd2 c5 14. dxc6 bxc6
15. Bh6 Bxh6 16. Qxh6 Bxf3 17. exf3 e6 18. Re4 Qb7 19. Rh4 f5 20. Qd2 d5 21.
Bf1 Rab8 22. cxd5 exd5 23. Qc3 Nb4 24. Qb3 Qb6 25. a3 Na6 26. Qc3 Rbc8 27. Ra4
Nb8 28. Ra5 Rce8 29. b4 Re7 30. Rc5 Qd8 31. b5 cxb5 32. Bxb5 d4 33. Qc4+ Kg7
34. Rd5 Qb6 35. Rxd4 Rd8 36. Rxd8 Qxd8 37. Qc3+ Kh6 38. Kg2 Qd6 39. Qc8 Rf7 40.
Qe8 Rf8 41. Qe3+ f4 42. Qxa7 fxg3 43. Qe3+ Kg7 44. hxg3 Nd7 45. Bxd7 Qxd7 46.
Qe5+ Kg8 47. Rc7 Rf5 48. Qc3 Rxf3 49. Qc4+ 1-0

[Event "XVI C.to Europeo"]
[Site "Gerusalemme ISR"]
[Date "2015.03.04"]
[Round "8"]
[White "Mordechai, Hanan"]
[Black "Godena, Michele"]
[WhiteElo "2331"]
[BlackElo "2502"]
[Result "0-1"]
[PlyCount "58"]
[EventDate "2015.02.24"]

1. e4 e5 2. Nf3 Nc6 3. d4 exd4 4. Nxd4 Bc5 5. Nb3 Bb4+ 6. c3 Be7 7. f4 d6 8.
Bd3 Nh6 9. Qc2 O-O 10. Be3 f5 11. N1d2 Ng4 12. Bg1 fxe4 13. Bxe4 Rxf4 14. Bxh7+
Kh8 15. g3 Rf8 16. O-O-O Bg5 17. Kb1 Nce5 18. Ne4 g6 19. h3 Ne3 20. Bxe3 Bxe3
21. Bxg6 Nxg6 22. g4 Ne5 23. Qe2 Bf4 24. Nd4 Qh4 25. Nb5 Qh7 26. Ka1 Be6 27.
Qg2 Nc4 28. Nd4 Ne3 29. Qf3 Bh6 0-1

[Event "XVI C.to Europeo"]
[Site "Gerusalemme ISR"]
[Date "2015.03.04"]
[Round "8"]
[White "Solak, Dragan"]
[Black "Rombaldoni, Axel"]
[WhiteElo "2607"]
[BlackElo "2488"]
[Result "1-0"]
[PlyCount "69"]
[EventDate "2015.02.24"]

1. e4 e6 2. d4 d5 3. Nd2 Be7 4. Ngf3 Nf6 5. e5 Nfd7 6. Bd3 c5 7. c3 b6 8. O-O
Ba6 9. Bxa6 Nxa6 10. Re1 O-O 11. Nf1 Qc7 12. Ng3 Rac8 13. Be3 Qb7 14. a3 b5 15.
b3 cxd4 16. cxd4 Rc6 17. Qd3 Rfc8 18. Bd2 Nab8 19. h4 Ra6 20. h5 h6 21. Nh2 Qc7
22. Rec1 Qd8 23. Rxc8 Qxc8 24. Ng4 Bf8 25. Ne2 Qd8 26. g3 Kh8 27. Qxb5 Bxa3 28.
Qd3 Qb6 29. Qf3 Bf8 30. Rc1 Ra2 31. Bxh6 gxh6 32. Qxf7 Rxe2 33. Nf6 Nxf6 34.
Qxf8+ Ng8 35. Rc8 1-0

[Event "XVI C.to Europeo"]
[Site "Gerusalemme ISR"]
[Date "2015.03.04"]
[Round "8"]
[White "Vocaturo, Daniele"]
[Black "Postny, Evgeny"]
[WhiteElo "2579"]
[BlackElo "2647"]
[Result "1/2-1/2"]
[PlyCount "109"]
[EventDate "2015.02.24"]

1. d4 d5 2. c4 c6 3. Nf3 Nf6 4. Nc3 a6 5. e3 Bf5 6. Bd3 Bg6 7. O-O e6 8. Qe2
Bb4 9. Bd2 Bxc3 10. Bxc3 O-O 11. a4 Nbd7 12. Bxg6 hxg6 13. Nd2 Re8 14. a5 Qc7
15. Rfd1 Rad8 16. h3 Qb8 17. b3 Qc7 18. Bb2 Qb8 19. e4 dxe4 20. Nxe4 Qf4 21.
Ng3 Qh4 22. Rd3 Nh5 23. Nxh5 Qxh5 24. Qd2 Nf8 25. Re1 g5 26. Rg3 f6 27. f4 gxf4
28. Qxf4 Kf7 29. Bc3 Rd7 30. Rf1 Ng6 31. Qe4 Nh4 32. Re3 Qg5 33. g4 Qg6 34. Qf4
Nf5 35. Rd3 Nd6 36. Re3 Nf5 37. Rd3 Nd6 38. Rdf3 Ne4 39. Ba1 Ng5 40. Re3 Rh8
41. Kg2 Rh4 42. Qf2 Qh7 43. Rh1 Kg8 44. Qe2 Rf7 45. d5 cxd5 46. cxd5 exd5 47.
Re8+ Rf8 48. Rc1 Rxg4+ 49. hxg4 Qh3+ 50. Kf2 Qh4+ 51. Kg1 Qg3+ 52. Kh1 Qh3+ 53.
Kg1 Qg3+ 54. Kh1 Qh3+ 55. Kg1 1/2-1/2

[Event "XVI C.to Europeo"]
[Site "Gerusalemme ISR"]
[Date "2015.03.05"]
[Round "9"]
[White "Demchenko, Anton"]
[Black "Codenotti, Marco"]
[WhiteElo "2615"]
[BlackElo "2374"]
[Result "1/2-1/2"]
[PlyCount "72"]
[EventDate "2015.02.24"]

1. d4 d5 2. c4 c6 3. Nf3 Nf6 4. Nc3 dxc4 5. a4 a5 6. e4 Bg4 7. Bxc4 e6 8. O-O
Bxf3 9. gxf3 Be7 10. Kh1 O-O 11. Rg1 Kh8 12. Be3 Nbd7 13. Qe2 e5 14. f4 exd4
15. Bxd4 Bc5 16. Rad1 Qb6 17. Bxc5 Nxc5 18. e5 Nd5 19. Qg4 g6 20. Qh4 Qd8 21.
Qh6 Qc7 22. Bxd5 cxd5 23. f5 Qxe5 24. Rxd5 Qe7 25. Qf4 b6 26. f6 Qe6 27. Re5
Qc6+ 28. Nd5 Rfd8 29. Qh6 Ne6 30. f3 Ra7 31. Rg4 Qc2 32. Rh4 g5 33. Rhe4 Qf2
34. Rxg5 Qf1+ 35. Rg1 Qxf3+ 36. Rg2 Qf1+ 1/2-1/2

[Event "XVI C.to Europeo"]
[Site "Gerusalemme ISR"]
[Date "2015.03.05"]
[Round "9"]
[White "Godena, Michele"]
[Black "Andriasian, Zaven"]
[WhiteElo "2502"]
[BlackElo "2612"]
[Result "0-1"]
[PlyCount "106"]
[EventDate "2015.02.24"]

1. e4 g6 2. d4 Bg7 3. c3 d6 4. Nf3 Nf6 5. Bd3 O-O 6. O-O Nbd7 7. Re1 e5 8. Nbd2
Re8 9. Bc2 b6 10. dxe5 dxe5 11. Nc4 Ba6 12. Bb3 h6 13. Qc2 Qe7 14. a4 Bb7 15.
Ba2 Rad8 16. b4 Nxe4 17. Rxe4 Bxe4 18. Qxe4 Nf6 19. Qc2 Nd5 20. Bd2 e4 21. Re1
Nxc3 22. Bxc3 Bxc3 23. Qxc3 exf3 24. Ne3 fxg2 25. Rc1 Qg5 26. Nxg2 Re7 27. Rf1
Rd6 28. Bc4 c5 29. bxc5 Qxc5 30. Ne3 Rd4 31. Rc1 Red7 32. Qb3 Qg5+ 33. Kf1 Rd2
34. Be2 h5 35. Rc8+ Rd8 36. Rc7 R2d7 37. Rxd7 Rxd7 38. Qc4 Qc5 39. Qe4 Rd4 40.
Qa8+ Kg7 41. Qxa7 Rf4 42. Nd1 Rh4 43. Qd7 Rxh2 44. Bf3 Rh4 45. Ne3 Rf4 46. Ke2
h4 47. Bd5 Qd4 48. f3 h3 49. Qxh3 Qb2+ 50. Ke1 Qc3+ 51. Ke2 Rd4 52. Nf5+ gxf5
53. Qg3+ Rg4 0-1

[Event "XVI C.to Europeo"]
[Site "Gerusalemme ISR"]
[Date "2015.03.05"]
[Round "9"]
[White "Kanmazalp, Ogulcan"]
[Black "Dvirnyy, Danyyil"]
[WhiteElo "2457"]
[BlackElo "2533"]
[Result "0-1"]
[PlyCount "66"]
[EventDate "2015.02.24"]

1. e4 e5 2. Nf3 Nc6 3. Bb5 a6 4. Ba4 Nf6 5. O-O b5 6. Bb3 Bc5 7. a4 Rb8 8. axb5
axb5 9. Nc3 d6 10. d3 Bg4 11. Be3 Nd4 12. Bxd4 Bxd4 13. h3 Bxf3 14. Qxf3 O-O
15. Ra2 g6 16. Ne2 Bb6 17. c3 Kg7 18. Raa1 h5 19. d4 Qe7 20. Bc2 Rfe8 21. Rae1
h4 22. Kh1 d5 23. dxe5 Qxe5 24. exd5 Rbd8 25. Bb3 c5 26. Qf4 c4 27. Bc2 Rxd5
28. Qxh4 Rd2 29. Nd4 Qxe1 30. Nf5+ Kg8 31. Rxe1 Rxe1+ 32. Kh2 Rxf2 33. Qg3 Rh1+
0-1

[Event "XVI C.to Europeo"]
[Site "Gerusalemme ISR"]
[Date "2015.03.05"]
[Round "9"]
[White "Mamedov, Rauf"]
[Black "Vocaturo, Daniele"]
[WhiteElo "2650"]
[BlackElo "2579"]
[Result "1/2-1/2"]
[PlyCount "107"]
[EventDate "2015.02.24"]

1. e4 e5 2. Nf3 Nc6 3. Bb5 Nf6 4. d3 Bc5 5. Bxc6 dxc6 6. O-O Bd6 7. Nbd2 Be6 8.
b3 O-O 9. Bb2 Nd7 10. Qe2 c5 11. Qe3 f6 12. a4 a5 13. Nh4 Nb8 14. Nc4 Nc6 15.
Nf5 Nd4 16. Bxd4 cxd4 17. Qg3 Bxf5 18. exf5 Bb4 19. f4 exf4 20. Rxf4 c6 21. Qf2
Re8 22. Nd2 Bxd2 23. Qxd2 Qd6 24. Re4 Rxe4 25. dxe4 Qe5 26. Qd3 Re8 27. Re1 g6
28. g4 Qf4 29. Qxd4 Qxg4+ 30. Kh1 Qf3+ 31. Kg1 Qg4+ 32. Kh1 Qf3+ 33. Kg1 Kf7
34. e5 Qxf5 35. e6+ Kg8 36. c4 Qg5+ 37. Kh1 f5 38. Qe5 Qe7 39. Qxa5 Qd6 40. Qa7
Qd2 41. Qg1 Qc3 42. Re3 Qf6 43. Qe1 f4 44. Re4 f3 45. Qf2 g5 46. Kg1 Qf5 47.
Qe3 h6 48. e7 Qh3 49. Qf2 Qf5 50. Qe3 Qh3 51. Qf2 Qf5 52. Qe3 Qh3 53. Qf2 Qf5
54. Qe3 1/2-1/2

[Event "XVI C.to Europeo"]
[Site "Gerusalemme ISR"]
[Date "2015.03.05"]
[Round "9"]
[White "Rombaldoni, Axel"]
[Black "Birnboim, Nathan"]
[WhiteElo "2488"]
[BlackElo "2347"]
[Result "1-0"]
[PlyCount "83"]
[EventDate "2015.02.24"]

1. e4 c5 2. Nf3 Nc6 3. d4 cxd4 4. Nxd4 Nf6 5. Nc3 e5 6. Ndb5 d6 7. Nd5 Nxd5 8.
exd5 Nb8 9. c4 Be7 10. Be2 O-O 11. O-O Nd7 12. Be3 a6 13. Nc3 f5 14. f3 Bg5 15.
Bf2 Bf4 16. b4 b6 17. Na4 Rb8 18. g3 Bg5 19. Qc2 f4 20. Bd3 fxg3 21. Bxh7+ Kh8
22. hxg3 Rxf3 23. Kg2 Rf8 24. Bf5 g6 25. Bxg6 Kg7 26. Bh5 Rf6 27. Bg1 Nf8 28.
Rxf6 Bxf6 29. Rf1 Bd7 30. Nc3 Qc8 31. Kh2 Bh3 32. Rxf6 Kxf6 33. g4 Bxg4 34.
Qf2+ Bf5 35. Ne4+ Ke7 36. Qh4+ Kd7 37. Qf6 Qxc4 38. Qxd6+ Kc8 39. Qxf8+ Kc7 40.
Qf7+ Kd8 41. Qe8+ Kc7 42. Qxe5+ 1-0

[Event "XVI C.to Europeo"]
[Site "Gerusalemme ISR"]
[Date "2015.03.06"]
[Round "10"]
[White "Codenotti, Marco"]
[Black "Zoler, Dan"]
[WhiteElo "2374"]
[BlackElo "2527"]
[Result "1-0"]
[PlyCount "91"]
[EventDate "2015.02.24"]

1. e4 c5 2. Nf3 d6 3. d4 cxd4 4. Nxd4 Nf6 5. Nc3 a6 6. Be3 Ng4 7. Bc1 Nf6 8.
Be3 Ng4 9. Bc1 Nc6 10. h3 Nf6 11. g4 e6 12. g5 Nd7 13. h4 Be7 14. Be3 O-O 15.
Qd2 Nxd4 16. Bxd4 b5 17. a3 Ne5 18. Be2 Bb7 19. f4 Nc6 20. O-O-O Qa5 21. Kb1 b4
22. axb4 Nxb4 23. Bc4 Bxe4 24. Nxe4 d5 25. Bb3 dxe4 26. g6 Qf5 27. gxh7+ Kxh7
28. Rdg1 f6 29. Qg2 Rf7 30. h5 Kg8 31. Qg6 Nc6 32. Qxf5 exf5 33. h6 g5 34.
Rxg5+ Kh7 35. Rg2 Raf8 36. Be3 Bd6 37. Rd1 Bb8 38. Bxf7 Rxf7 39. Rd5 Bc7 40.
Rxf5 Ne7 41. Rc5 Bb6 42. Rc3 Ba5 43. Rc4 f5 44. Bd4 Kxh6 45. Ra4 Nc6 46. Ra3
1-0

[Event "XVI C.to Europeo"]
[Site "Gerusalemme ISR"]
[Date "2015.03.06"]
[Round "10"]
[White "Dvirnyy, Danyyil"]
[Black "Grandelius, Nils"]
[WhiteElo "2533"]
[BlackElo "2609"]
[Result "0-1"]
[PlyCount "168"]
[EventDate "2015.02.24"]

1. c4 e5 2. g3 Nf6 3. Bg2 Nc6 4. Nc3 Bc5 5. Nf3 d6 6. d3 a6 7. O-O O-O 8. a3
Nd4 9. b4 Nxf3+ 10. Bxf3 Bd4 11. Bb2 c6 12. e3 Ba7 13. Rc1 Bh3 14. Re1 Qd7 15.
Ne4 Nxe4 16. dxe4 Rad8 17. Rc2 Qe6 18. Qd3 Bb8 19. Rd2 Bc7 20. Rc1 h6 21. Bc3
Qe7 22. Rb1 Be6 23. a4 f6 24. Rc2 Qf7 25. Be1 f5 26. exf5 Bxf5 27. Be4 Bxe4 28.
Qxe4 d5 29. cxd5 cxd5 30. Qd3 e4 31. Qe2 Be5 32. b5 axb5 33. Rxb5 d4 34. exd4
Bxd4 35. Qc4 Bxf2+ 36. Bxf2 Rd1+ 37. Kg2 Qxc4 38. Rxc4 Rd2 39. Rxe4 Rfxf2+ 40.
Kh3 Rxh2+ 41. Kg4 Rd3 42. Rbe5 Kh7 43. Re3 Rd6 44. Re6 Rdd2 45. R6e5 Ra2 46.
R5e4 Rhb2 47. Rf3 Rb6 48. Kh3 Rb1 49. Kg4 Rba1 50. Rff4 Ra3 51. Re7 Rg1 52.
Rxb7 Rgxg3+ 53. Kf5 Rg5+ 54. Ke6 h5 55. Ra7 Kg6 56. Ra6 Rg1 57. Ke7+ Kg5 58.
Rf7 Kh4 59. Rf5 g6 60. Re5 Rf3 61. Rb6 Rf5 62. Rb4+ Kg5 63. Re6 h4 64. Rbb6 Kh5
65. Re3 Rg3 66. Re2 h3 67. Rb8 g5 68. Ke6 Kg4 69. Rh8 Rff3 70. Rb2 Rg2 71. Rb5
h2 72. a5 Re2+ 73. Kd6 Rf1 74. Rb4+ Kg3 75. Rb3+ Kg2 76. Rhh3 g4 77. Rbg3+ Kf2
78. Rxh2+ Kxg3 79. Rxe2 Ra1 80. Re5 Kf4 81. Ke6 g3 82. Rf5+ Kg4 83. Kf6 g2 84.
Rg5+ Kf3 0-1

[Event "XVI C.to Europeo"]
[Site "Gerusalemme ISR"]
[Date "2015.03.06"]
[Round "10"]
[White "Godena, Michele"]
[Black "Iovcov, Valerii"]
[WhiteElo "2502"]
[BlackElo "2368"]
[Result "1/2-1/2"]
[PlyCount "69"]
[EventDate "2015.02.24"]

1. e4 e5 2. Nf3 Nc6 3. Nc3 Nf6 4. d4 exd4 5. Nxd4 Bc5 6. Be3 Bb6 7. Nf5 O-O 8.
Bxb6 axb6 9. Ne3 Re8 10. Bd3 d6 11. O-O Ne5 12. Re1 Bd7 13. Bf1 Ng6 14. f3 h5
15. Qd2 h4 16. Qf2 Ra5 17. Ned5 Nxd5 18. exd5 Rxe1 19. Rxe1 Bf5 20. g3 Ra8 21.
f4 Qf6 22. a3 Nf8 23. Bg2 Nd7 24. Bf3 hxg3 25. hxg3 Qg6 26. Ne4 f6 27. c3 Re8
28. Nd2 Nc5 29. Rxe8+ Qxe8 30. b4 Nd3 31. Qe2 Qg6 32. Kh2 Qh6+ 33. Kg2 Qg6 34.
Kh2 Qh7+ 35. Kg1 1/2-1/2

[Event "XVI C.to Europeo"]
[Site "Gerusalemme ISR"]
[Date "2015.03.06"]
[Round "10"]
[White "Grigoryan, Karen H."]
[Black "Rombaldoni, Axel"]
[WhiteElo "2596"]
[BlackElo "2488"]
[Result "1/2-1/2"]
[PlyCount "71"]
[EventDate "2015.02.24"]

1. Nf3 e6 2. g3 b6 3. Bg2 Bb7 4. O-O Nf6 5. c4 c5 6. Nc3 Be7 7. d4 cxd4 8. Qxd4
Nc6 9. Qf4 O-O 10. Rd1 Qb8 11. e4 d6 12. b3 Rd8 13. Bb2 a6 14. Qe3 b5 15. cxb5
axb5 16. Nxb5 Nb4 17. Qd2 Bxe4 18. Qxb4 Qb7 19. Bxf6 gxf6 20. Qc3 Rac8 21. Qe3
Bxf3 22. Nxd6 Rxd6 23. Bxf3 Qb4 24. Qf4 Rxd1+ 25. Bxd1 Qxf4 26. gxf4 Ba3 27. f5
Rd8 28. Bg4 Rd2 29. fxe6 fxe6 30. Bxe6+ Kg7 31. Kg2 Bc5 32. Kf3 Rxf2+ 33. Ke4
Re2+ 34. Kd5 Ba3 35. Rg1+ Kh6 36. Bg4 1/2-1/2

[Event "XVI C.to Europeo"]
[Site "Gerusalemme ISR"]
[Date "2015.03.06"]
[Round "10"]
[White "Vocaturo, Daniele"]
[Black "Van Kampen, Robin"]
[WhiteElo "2579"]
[BlackElo "2626"]
[Result "1/2-1/2"]
[PlyCount "107"]
[EventDate "2015.02.24"]

1. Nf3 Nf6 2. g3 d5 3. Bg2 c6 4. O-O Bg4 5. d3 Nbd7 6. Nbd2 e5 7. e4 dxe4 8.
dxe4 Be7 9. Qe1 O-O 10. Nc4 Qc7 11. Ne3 Bxf3 12. Bxf3 g6 13. a4 Nc5 14. Nc4 Ne6
15. Bh6 Rfd8 16. c3 a5 17. Qe2 Bf8 18. Be3 Bc5 19. Bh6 Bf8 20. Be3 Bc5 21. Bd2
Kg7 22. h4 h5 23. Rad1 Ba7 24. Bc1 Bc5 25. Kg2 Ba7 26. Qc2 Bc5 27. Qe2 Ba7 28.
Qc2 Bc5 29. Be2 Be7 30. f3 Bc5 31. Kh2 Ba7 32. Rd2 Rxd2 33. Qxd2 Rd8 34. Qh6+
Kg8 35. Rd1 Rxd1 36. Bxd1 b5 37. Ne3 Qd7 38. Bc2 Bc5 39. Nf1 bxa4 40. Qd2 Qxd2+
41. Nxd2 Be3 42. Bxa4 Nc5 43. Bc2 a4 44. Kg2 Ne8 45. Kf1 Nd6 46. Ke2 Bh6 47. b4
axb3 48. Nxb3 Bxc1 49. Nxc5 Bb2 50. Kd3 Nb5 51. Ba4 Nxc3 52. Bxc6 Na2 53. Bd5
Bd4 54. Bxa2 1/2-1/2

[Event "XVI C.to Europeo"]
[Site "Gerusalemme ISR"]
[Date "2015.03.08"]
[Round "11"]
[White "Kovalev, Vladislav"]
[Black "Codenotti, Marco"]
[WhiteElo "2531"]
[BlackElo "2374"]
[Result "1-0"]
[PlyCount "83"]
[EventDate "2015.02.24"]

1. e4 e5 2. Nc3 Nf6 3. g3 d5 4. exd5 Nxd5 5. Bg2 Nxc3 6. bxc3 Nc6 7. d3 Bc5 8.
Ne2 h5 9. h3 Be6 10. c4 O-O 11. Rb1 Rb8 12. Rb5 Qe7 13. Be3 Bxe3 14. fxe3 a6
15. Rb1 h4 16. g4 Qg5 17. Qc1 Na5 18. Bd5 b5 19. Bxe6 fxe6 20. cxb5 axb5 21.
Rf1 e4 22. Rxf8+ Rxf8 23. Nf4 Qf6 24. Rxb5 e5 25. Ne2 Qf2+ 26. Kd2 Rf3 27. Qg1
Qxg1 28. Nxg1 Rf1 29. Ne2 Nc6 30. Rc5 exd3 31. cxd3 Rf6 32. a3 Kf8 33. Nc3 Ne7
34. Ne4 Ra6 35. Rc3 Nd5 36. Rb3 Ke7 37. Rb5 c6 38. Rb7+ Kf8 39. Rb3 Ke7 40. Ke2
g6 41. Nd2 Nb6 42. Nf3 1-0

[Event "XVI C.to Europeo"]
[Site "Gerusalemme ISR"]
[Date "2015.03.08"]
[Round "11"]
[White "Mikaelyan, Arman"]
[Black "Dvirnyy, Danyyil"]
[WhiteElo "2418"]
[BlackElo "2533"]
[Result "0-1"]
[PlyCount "88"]
[EventDate "2015.02.24"]

1. d4 d5 2. c4 c6 3. Nc3 Nf6 4. e3 Bf5 5. cxd5 cxd5 6. Qb3 Nc6 7. Qxb7 Bd7 8.
Qb3 Rb8 9. Qd1 e5 10. Nf3 Bd6 11. dxe5 Nxe5 12. Be2 O-O 13. O-O Qe7 14. Nd4
Rfc8 15. Ndb5 Bc5 16. a4 a6 17. Nd4 Qd6 18. a5 Bb4 19. Nc2 Bxc3 20. bxc3 Ne4
21. Ba3 Qg6 22. Bh5 Qf6 23. f4 Nc4 24. Qxd5 Bf5 25. Bb4 Ned2 26. Rfc1 Rb5 27.
Qd4 Bxc2 28. Rxc2 Rxh5 29. Rxd2 Nxd2 30. Qxd2 Rd8 31. Qe2 Rhd5 32. Rf1 Rd2 33.
Qf3 h6 34. e4 R8d3 35. Qg4 Re3 36. c4 Rc2 37. Bc5 Ree2 38. Bb6 Rxe4 39. Qc8+
Kh7 40. Qd7 Ree2 41. Qg4 Qg6 42. Qxg6+ Kxg6 43. f5+ Kg5 44. Bd8+ f6 0-1

[Event "XVI C.to Europeo"]
[Site "Gerusalemme ISR"]
[Date "2015.03.08"]
[Round "11"]
[White "Rombaldoni, Axel"]
[Black "Andriasian, Zaven"]
[WhiteElo "2488"]
[BlackElo "2612"]
[Result "1-0"]
[PlyCount "71"]
[EventDate "2015.02.24"]

1. e4 g6 2. d4 Bg7 3. Nf3 d6 4. Nc3 Nf6 5. Bg5 h6 6. Bxf6 Bxf6 7. e5 Bg7 8. Bc4
e6 9. h4 Nc6 10. Qe2 d5 11. Bb5 Bd7 12. a3 Qe7 13. O-O-O a6 14. Bd3 Na5 15. Rh3
b5 16. Qe1 Nc4 17. Bxc4 bxc4 18. h5 Kd8 19. Rg3 Be8 20. Ne4 dxe4 21. Qxe4 Rb8
22. hxg6 c3 23. b4 fxg6 24. d5 exd5 25. Rxd5+ Kc8 26. Nd4 Rf8 27. f4 Rf6 28.
Rxc3 Rfb6 29. Rdc5 R8b7 30. Nb3 Bf8 31. Na5 Ra7 32. Qd4 Qe6 33. Rd5 Be7 34. Rd6
Bxd6 35. Qxb6 Ra8 36. Rxc7+ 1-0

[Event "XVI C.to Europeo"]
[Site "Gerusalemme ISR"]
[Date "2015.03.08"]
[Round "11"]
[White "Veinberg, Nimrod"]
[Black "Godena, Michele"]
[WhiteElo "2350"]
[BlackElo "2502"]
[Result "1/2-1/2"]
[PlyCount "20"]
[EventDate "2015.02.24"]

1. d4 d5 2. c4 dxc4 3. Nf3 Nf6 4. e3 a6 5. Bxc4 b5 6. Bd3 Bb7 7. O-O e6 8. Qe2
Nbd7 9. a4 b4 10. Nbd2 c5 1/2-1/2